• 首页
  • 本馆介绍
  • 公告通知
  • 最新文献
  • 馆藏检索
  • 电子资源
  • 读者导购
  • 参考咨询
  • 我的图书馆
  • 登录
  • 详细信息显示
  • 放入我的书架
  • 预约/预借图书
  • 作者相关作品
  • 分类相关作品
  • 丛书相关作品
  • 出版社相关作品

书目信息

  • 表格格式
  • 工作单格式
  • 卡片格式
题名:
茅盾的创作历程
    
 
作者: 庄钟庆 著
分册:  
出版信息: 北京   人民文学出版社  1982
页数: 402页
开本: 19cm
丛书名:
单 册:
中图分类: I03
科图分类:
主题词: 文艺工作者
电子资源:
ISBN:
000 00620nam0 2200229 45
001 0182004786
005 20060811153352.65
010    @dCNY1.20
091    @a10019.3310
100    @a19950602d1982 emky0chiy0121 ea
101 0  @achi
102    @aCN@b110000
105    @ay z 000yd
200 10 @a茅盾的创作历程@Amao dun de chuang zuo li cheng@f庄钟庆著
210    @a北京@c人民文学出版社@d1982
215    @a402页@d19cm
606 0  @a文艺工作者
690    @aI03
701  0 @a庄钟庆@Azhuang zhong qing@4著
801  2 @aCN@bNLC@c20060811
801  0 @aCN@b上海图书馆@c20040428
905    @f1@b75491@dI03@e27@b75493-494@f2
    
    茅盾的创作历程/庄钟庆著.-北京:人民文学出版社,1982
    402页;19cm
    
    
    ISBN :CNY1.20
    
●
相关链接 在E读中查询图书 在五车中查询图书 在当当中查询图书 在豆瓣中查询图书


正题名:茅盾的创作历程     索取号:I03/27         预约/预借

序号 登录号 条形码 馆藏地/架位号 状态 备注
1 0075491   000904677   第二借阅区/ [索取号:I03/27] 在馆    
2 0075493   000904613   第二借阅区/ [索取号:I03/27] 在馆    
3 0075494   000904686   第二借阅区/ [索取号:I03/27] 在馆    
4 0075495   000904668   第一样本阅览室/ [索取号:I03/27] 在馆    
5 0451053   204510537   密集书库/ [索取号:I03/27] 在馆    
6 0451054   204510546   密集书库/ [索取号:I03/27] 在馆    
7 0451055   204510555   密集书库/ [索取号:I03/27] 在馆    
唐山师范学院图书馆 欢迎您!
大连网信软件有限公司© 版权所有